LEADER 01264nam a2200265 u 4500 001 000000024953 003 CaOOAMICUS 005 20070226111417.0 008 950710s1908 gw u000 u ger u 035 $a10636426 040 $aPUL(R)$bita 041 0 $ager$agrc 100 1 $aWeiss, Bernhard,$d1827-1918.$0(OLS)http://pul/name/20765 245 14$aDie Quellen der synoptischen Ueberlieferung /$cvon D. Bernhard Weiss. 260 $aLeipzig :$bJ. C. Hinrichs,$c1908. 300 $aiv, 256 p. ;$c23 cm 490 1 $aTexte und Untersuchungen zur Geschichte der altchristlichen Literatur ;$v2. Bd., Hft. 3 [der ganzen Reihe] 32. Bd., Hft. 3. 504 $aBibliografia in nota. 630 04$aBiblia.$pN.T.$pEvangelia.$0(OLS)http://pul/subject/2990 830 0$aTexte und Untersuchungen zur Geschichte der altchristlichen Literatur ;$v2. Bd., Hft. 3 [der ganzen Reihe] 32. Bd., Hft. 3.$0(OLS)http://pul/title/1074 850 $aPUL 852 $aPUL$W1$xSL Religione 1$y3$m24 I 32(Int.3)$j34891$nBK-PRI$b $qStampati$B34891$CPULBib$Z2$F34891 $H $81 941 1 $a8 996 $6245$aDie Quellen der synoptischen Ueberlieferung$9(OLS)http://pul/title/34429 996 $6260$aLeipzig :$bJ. C. Hinrichs$9(OLS)http://pul/publisher/48889 LEADER 01667nam a2200325 u 4500 001 000000037943 003 CaOOAMICUS 005 20070226113824.0 008 980420s1885 it u000 u ita u 035 $a10790988 040 $aPUL(R)$bita 110 1 $aItalia.$0(OLS)http://pul/name/1188 240 10$aCodice costituzionale del regno d'Italia.$0(OLS)http://pul/title/51589 245 10$aCodice costituzionale amministrativo del regno d'Italia contenente tutte le leggi, i decreti, i regolamenti ...$nVolume I.,$pCodice costituzionale /$ccompilato per cura di Giuseppe Saredo. 246 30$aCodice costituzionale 260 $aRoma :$bUnione tipografico editrice,$c1885. 300 $a268 p. ;$c15 cm 490 1 $aCollezione tascabile dei codici italiani 500 $aContiene indici. 504 $aBibliografia in nota. 650 4$aDiritto amministrativo.$0(OLS)http://pul/subject/17627 650 4$aDiritto costituzionale.$0(OLS)http://pul/subject/1174 700 1 $aSaredo, Giuseppe,$d1832-1902.$0(OLS)http://pul/name/16171 830 0$aCollezione tascabile dei codici italiani.$0(OLS)http://pul/title/25820 850 $aPUL 852 $aPUL$W1$xDP1 Antico 800$y27$m170 H 29$j51791$nBK-PRI$b $qStampati Antico$B51791$CPULBib$Z2$F51791 $H $81 941 1 $a15 996 $6245$aCodice costituzionale amministrativo del regno d'Italia contenente tutte le leggi, i decreti, i regolamenti ...$nVolume I.,$pCodice costituzionale$9(OLS)http://pul/title/51590 996 $6246$aCodice costituzionale$9(OLS)http://pul/title/51591 996 $6260$aRoma :$bUnione tipografico editrice$9(OLS)http://pul/publisher/63517